Orchids
| Main Author: | |
|---|---|
| Format: | Book |
| Published: |
London :
The Apple Press ,
1993
|
| Series: | Identifying
|
| Subjects: |
MARC
| LEADER | 00000cam a2200000 7i4500 | ||
|---|---|---|---|
| 001 | 0000002734 | ||
| 002 | 000002964 | ||
| 005 | 20020614.0 | ||
| 020 | |a 1850764077 | ||
| 090 | 0 | 0 | |a 030 |b IME |
| 100 | 1 | |a Imes, Rick | |
| 245 | 1 | 0 | |a Orchids |c Rick Imes |
| 260 | |a London : |b The Apple Press , |c 1993 | ||
| 300 | |a 79p. : |b ill. ; |c 18cm. | ||
| 490 | 0 | |a Identifying | |
| 650 | 0 | 0 | |a Orchids |x Juvenile literature |
| 999 | |a 036315 |b BUKU |c PINJAMAN |e PERPUSTAKAAN KOMUNITI PETALING JAYA | ||